| 000 | 00445nam a2200157 i 4500 | ||
|---|---|---|---|
| 001 | bg | ||
| 100 | 1 | _aPLAMITZER, Antoni M. | |
| 245 | 0 |
_aMaszyny elektryczne / _cAntoni M. Plamitzer. |
|
| 250 | _aWyd.3. | ||
| 260 |
_aWarszawa, _c1968. |
||
| 040 | _cBPK | ||
| 041 | _apol | ||
| 942 | _cKS | ||
| 008 | s pl f |000 0 pol | ||
| 856 |
_uhttp://koha.tu.koszalin.pl/cgi-bin/koha/opac-detail.pl?biblionumber=15906 _yKatalog online BPK |
||
| 999 |
_c15906 _d15906 |
||